=LDR 00000nam 2200000 4500 =001 NUTBA000000000004845 =005 20141010100413.0 =006 =007 =008 =035 ##$$a 0010-101400000000075 =082 ##$$a658.4 =100 ##$$a MAURICE SNOWDON =245 ##$$aMANAJEMEN PROYEK TEKNIK =260 ##$$a JAKARTA $b KURNIA ESA $c 1981 =850 ##$$a NBPNMAT =990 ##$$a 0001/BPAP-NTB/20142014